Online Catalogue and eLibrary

No free lunch (Record no. 3004)

MARC details
000 -LEADER
fixed length control field 00463nam a2200181Ia 4500
005 - DATE AND TIME OF LATEST TRANSACTION
control field 20240821071621.0
008 - FIXED-LENGTH DATA ELEMENTS--GENERAL INFORMATION
fixed length control field 240331s9999 xx 000 0 und d
020 ## - INTERNATIONAL STANDARD BOOK NUMBER
ISBN 0935028188
082 ## - DDC Classification
Item Number - Author Mark BEN
Class No. 613.042
100 ## - MAIN ENTRY--PERSONAL NAME
Personal name Benjamin, M
245 #0 - TITLE STATEMENT
Title No free lunch
Remainder of title Food & Revolution in Cuba Today
260 ## - PUBLICATION, DISTRIBUTION, ETC.
Place of publication, distribution, etc. England
Name of publisher, distributor, etc. Third World Publications
Date of publication, distribution, etc. 1984
300 ## - PHYSICAL DESCRIPTION
Extent (e.g. Volumes, Pages etc.) xii, 240 p .,
650 ## - SUBJECT ADDED ENTRY--TOPICAL TERM
Topical term or geographic name entry element Food Supply
650 ## - SUBJECT ADDED ENTRY--TOPICAL TERM
Topical term or geographic name entry element Political
650 ## - SUBJECT ADDED ENTRY--TOPICAL TERM
Topical term or geographic name entry element Social
942 ## - Koha item type (Biblio)
Koha item type Books in Stacks (Lending)
Holdings
Lost status Damaged status Collection code Home library Current library Shelving location Date acquired Full call number Accession Number Item type
    Lending WERC Library WERC Library Social Science Cupboard 03/31/2024 613.042 BEN 2198 Books in Stacks (Lending)

© WERC Library